[Event "Rodovremesterskabet Gruppe A 2005"]
[Site "Rodovre"]
[Date "2005.09.06"]
[Round "1"]
[White "Mortensen, Henrik"]
[Black "Akdag, Dara Sevkan"]
[Result "1-0"]
[WhiteElo "1899"]
[BlackElo "1589"]
[PlyCount "75"]
[EventDate "2005.??.??"]
[SourceDate "2005.09.07"]

1. e4 c5 2. Ne2 Nc6 3. c4 d6 4. d4 cxd4 5. Nxd4 e6 6. Nc3 Be7 7. Be2 a6 8. O-O
Bd7 9. Be3 Nf6 10. f3 O-O 11. Qd2 Ne8 12. Rac1 f5 13. exf5 Nxd4 14. Qxd4 Rxf5
15. Ne4 d5 16. Ng3 Bf6 17. Qd2 Re5 18. Bd4 Rg5 19. f4 Rg6 20. cxd5 exd5 21. Be3
Bg4 22. f5 Bxe2 23. Qxe2 Rg5 24. Bxg5 Bxg5 25. Qe6+ Kh8 26. Rcd1 Nf6 27. Rfe1
d4 28. Ne4 Nxe4 29. Rxe4 d3 30. Rxd3 Qf8 31. Rc3 Rd8 32. h3 h6 33. Kh2 Kh7 34.
Qg6+ Kh8 35. Rc2 Bf6 36. Rce2 Qd6+ 37. g3 Rg8 38. Re8 1-0

[Event "Rodovremesterskabet Gruppe A 2005"]
[Site "Rodovre"]
[Date "2005.09.06"]
[Round "1"]
[White "Ohayv, Nikolaj"]
[Black "Johansen, Erik"]
[Result "1/2-1/2"]
[WhiteElo "1783"]
[BlackElo "1610"]
[PlyCount "69"]
[EventDate "2005.??.??"]
[SourceDate "2005.09.07"]

1. d4 Nf6 2. c4 e6 3. Nc3 Bb4 4. Qc2 d5 5. Nf3 O-O 6. Bg5 Nbd7 7. e3 b6 8. cxd5
exd5 9. Bb5 Bb7 10. Ne5 Be7 11. Bc6 Bxc6 12. Nxc6 Qe8 13. Nxe7+ Qxe7 14. Nxd5
Qd6 15. Nxf6+ Nxf6 16. Bxf6 Qxf6 17. Qxc7 Rfc8 18. Qg3 Rc2 19. Rb1 Qe6 20. O-O
Rac8 21. a3 Qb3 22. e4 Qa2 23. Qd3 Rxb2 24. Rxb2 Qxb2 25. d5 Rc3 26. Qa6 Qxa3
27. Qxa3 Rxa3 28. Rd1 Kf8 29. d6 Ke8 30. d7+ Kd8 31. e5 b5 32. f4 g6 33. Kf2 b4
34. g4 b3 35. Rb1 1/2-1/2

[Event "Rodovremesterskabet Gruppe A 2005"]
[Site "Rodovre"]
[Date "2005.09.06"]
[Round "1"]
[White "Smidt, Johnny"]
[Black "Edoo, Niels"]
[Result "1-0"]
[WhiteElo "1593"]
[BlackElo "1962"]
[PlyCount "97"]
[EventDate "2005.??.??"]
[SourceDate "2005.09.07"]

1. e4 c5 2. Nc3 a6 3. g3 d6 4. Bg2 Nf6 5. h3 Nc6 6. f4 e6 7. Nf3 Be7 8. O-O Qc7
9. d3 Bd7 10. Be3 d5 11. exd5 exd5 12. d4 cxd4 13. Nxd4 O-O 14. g4 Nxd4 15.
Bxd4 Bc6 16. Be5 Qb6+ 17. Kh2 Rad8 18. Ne2 Bb5 19. Re1 Ne4 20. Bd4 Qh6 21. g5
Qh4 22. Rf1 f6 23. Qe1 Qxe1 24. Rfxe1 fxg5 25. Nc3 Bc6 26. Bb6 Rd7 27. Ne2 gxf4
28. Nd4 Bh4 29. Re2 Bg3+ 30. Kg1 Rf6 31. c4 Re7 32. Bd8 Ref7 33. Bxf6 Nxf6 34.
Nxc6 bxc6 35. cxd5 cxd5 36. Rc1 g5 37. Re5 h6 38. Bxd5 Nxd5 39. Rxd5 f3 40.
Rcd1 Rf6 41. Rd7 h5 42. Re7 g4 43. hxg4 hxg4 44. Rd8+ Rf8 45. Rxf8+ Kxf8 46.
Re4 Bd6 47. Rxg4 Bc5+ 48. Kf1 Ke7 49. Ra4 1-0

[Event "Rodovremesterskabet Gruppe A 2005"]
[Site "Rodovre"]
[Date "2005.10.18"]
[Round "1"]
[White "Nielsen, Niels Peter Krogh"]
[Black "Rubin, Jacob"]
[Result "0-1"]
[WhiteElo "1589"]
[BlackElo "1731"]
[PlyCount "36"]
[EventDate "2005.??.??"]
[SourceDate "2005.09.07"]

1. Nf3 d5 2. g3 Nc6 3. Bg2 e5 4. d3 Nf6 5. Bg5 Be7 6. c3 Bg4 7. Bxf6 Bxf6 8.
Nbd2 Qd7 9. O-O Bh3 10. Qc2 h5 11. Rfd1 h4 12. Nf1 g5 13. b4 Bxg2 14. Kxg2 hxg3
15. Nxg3 Qh3+ 16. Kg1 g4 17. Qb3 gxf3 18. Qxd5 Qg2# 0-1

[Event "Rodovremesterskabet Gruppe A 2005"]
[Site "Rodovre"]
[Date "2005.09.13"]
[Round "2"]
[White "Akdag, Dara Sevkan"]
[Black "Smidt, Johnny"]
[Result "1/2-1/2"]
[WhiteElo "1589"]
[BlackElo "1593"]
[PlyCount "46"]
[EventDate "2005.??.??"]
[SourceDate "2005.09.07"]

1. d4 Nf6 2. c4 c5 3. e3 g6 4. Nf3 Bg7 5. Bd3 Nc6 6. O-O O-O 7. a3 cxd4 8. exd4
d5 9. h3 h6 10. Nc3 dxc4 11. Bxc4 Bd7 12. Ne5 Na5 13. Ba2 e6 14. f4 Nc6 15. Kh1
Be8 16. Be3 Nh5 17. Rf3 Nxe5 18. dxe5 Bc6 19. Qxd8 Rfxd8 20. Rf2 Rd3 21. Re1
Ng3+ 22. Kh2 Nf5 23. Bc1 Ne7 1/2-1/2

[Event "Rodovremesterskabet Gruppe A 2005"]
[Site "Rodovre"]
[Date "2005.09.13"]
[Round "2"]
[White "Johansen, Erik"]
[Black "Edoo, Niels"]
[Result "0-1"]
[WhiteElo "1610"]
[BlackElo "1962"]
[PlyCount "74"]
[EventDate "2005.??.??"]
[SourceDate "2005.09.07"]

1. e4 c5 2. Nf3 d6 3. d4 cxd4 4. Nxd4 Nf6 5. Nc3 a6 6. a4 e5 7. Nb3 Be6 8. Be2
Be7 9. O-O O-O 10. f4 exf4 11. Bxf4 Nc6 12. Be3 Rc8 13. Nd4 Nxd4 14. Bxd4 Nd7
15. Nd5 Bxd5 16. exd5 Ne5 17. Bg4 Nxg4 18. Qxg4 g6 19. c3 f5 20. Qf3 Bf6 21.
Rfd1 Re8 22. g4 Bxd4+ 23. Rxd4 Qg5 24. Qf4 Qh4 25. gxf5 Re1+ 26. Rxe1 Qxe1+ 27.
Qf1 Qe3+ 28. Qf2 Qg5+ 29. Kf1 Rf8 30. h4 Qc1+ 31. Kg2 Rxf5 32. Qe2 Re5 33. Qd2
Qb1 34. Rd3 Re1 35. Re3 Rg1+ 36. Kf3 Qf5+ 37. Ke2 Qf1# 0-1

[Event "Rodovremesterskabet Gruppe A 2005"]
[Site "Rodovre"]
[Date "2005.09.13"]
[Round "2"]
[White "Ohayv, Nikolaj"]
[Black "Nielsen, Niels Peter Krogh"]
[Result "1-0"]
[WhiteElo "1783"]
[BlackElo "1589"]
[PlyCount "85"]
[EventDate "2005.??.??"]
[SourceDate "2005.09.07"]

1. d4 Nf6 2. c4 d5 3. cxd5 Nxd5 4. e4 Nb6 5. Nc3 e6 6. Nf3 Be7 7. Bd3 O-O 8. e5
N8d7 9. Qc2 f5 10. h4 h6 11. Rh3 c5 12. d5 c4 13. Be2 exd5 14. Rg3 Kh8 15. Bf4
Nc5 16. Rg6 Qe8 17. h5 Be6 18. Bxh6 gxh6 19. Rxh6+ Kg7 20. Rg6+ Kh7 21. g4 Bf7
22. Ng5+ Bxg5 23. Rxg5 Ne4 24. Rxf5 Be6 25. Rxf8 Qxf8 26. f3 Rd8 27. O-O-O Qf4+
28. Kb1 Bxg4 29. fxg4 Qxe5 30. Nxe4 Kg7 31. Nc3 d4 32. Qg6+ Kh8 33. g5 Rd6 34.
Qe4 Qxe4+ 35. Nxe4 Re6 36. Ng3 Re3 37. Rg1 d3 38. Bg4 d2 39. Be2 Nd5 40. Kc2
Nf4 41. Kxd2 Nxe2 42. Nxe2 Rd3+ 43. Kc2 1-0

[Event "Rodovremesterskabet Gruppe A 2005"]
[Site "Rodovre"]
[Date "2005.09.13"]
[Round "2"]
[White "Rubin, Jacob"]
[Black "Mortensen, Henrik"]
[Result "1-0"]
[WhiteElo "1731"]
[BlackElo "1899"]
[PlyCount "121"]
[EventDate "2005.??.??"]
[SourceDate "2005.09.07"]

1. Nf3 c5 2. d4 cxd4 3. Nxd4 Nc6 4. Nc3 Nf6 5. e4 d6 6. Be2 e5 7. Nf3 Be7 8.
O-O O-O 9. Re1 h6 10. a3 Be6 11. Bd3 Qd7 12. h3 Nh7 13. Nd5 Bd8 14. Ne3 g6 15.
Bc4 Rc8 16. Bxe6 Qxe6 17. Nd5 Kg7 18. Be3 f5 19. exf5 gxf5 20. Qd2 Qg6 21. Qe2
Ng5 22. Bxg5 hxg5 23. c3 g4 24. hxg4 Qxg4 25. Nh2 Qg6 26. Rad1 Rh8 27. Ne3 Ne7
28. Nef1 Rh6 29. Rd3 Qh7 30. Red1 Bc7 31. Rg3+ Kf6 32. Qf3 Rh8 33. Ng4+ Ke6 34.
Nxh6 Qxh6 35. Rh3 Qg7 36. Rxh8 Qxh8 37. Qxb7 Bb6 38. Qf3 Qg7 39. Ne3 e4 40. Qf4
d5 41. Kf1 Bc5 42. g4 Bxe3 43. gxf5+ Nxf5 44. fxe3 Qh7 45. Qg4 Qh2 46. Qg6+ Ke5
47. Rxd5+ Kxd5 48. Qxf5+ Kc4 49. Qxe4+ Kb3 50. Qg2 Qh7 51. e4 Qh5 52. Ke1 Qh6
53. Kd1 Qe3 54. Qc2+ Kc4 55. Qe2+ Qxe2+ 56. Kxe2 Kb3 57. e5 Kxb2 58. e6 Kxa3
59. e7 a5 60. e8=Q a4 61. Qb5 1-0

[Event "Rodovremesterskabet Gruppe A 2005"]
[Site "Rodovre"]
[Date "2005.09.20"]
[Round "3"]
[White "Edoo, Niels"]
[Black "Akdag, Dara Sevkan"]
[Result "1-0"]
[WhiteElo "1962"]
[BlackElo "1589"]
[PlyCount "67"]
[EventDate "2005.??.??"]
[SourceDate "2005.09.07"]

1. e4 c5 2. Nf3 Nc6 3. d4 cxd4 4. Nxd4 d6 5. Be3 a6 6. Be2 Nf6 7. Nc3 e6 8. O-O
Be7 9. Qd2 O-O 10. f4 Bd7 11. a4 Nxd4 12. Bxd4 Rc8 13. a5 d5 14. e5 Ne8 15. Bd3
Bc5 16. Ne2 Qe7 17. Rf3 Nc7 18. Rh3 g6 19. Bxc5 Qxc5+ 20. Kh1 Bb5 21. f5 h5 22.
fxg6 f5 23. exf6 Rxf6 24. Qh6 Qe7 25. Qxh5 Qg7 26. Rg3 Bxd3 27. cxd3 Rcf8 28.
Ng1 Ne8 29. h3 Nd6 30. Re1 Nf5 31. Rg5 Rc8 32. Nf3 Rc5 33. Ne5 d4 34. Qh7+ 1-0

[Event "Rodovremesterskabet Gruppe A 2005"]
[Site "Rodovre"]
[Date "2005.09.20"]
[Round "3"]
[White "Mortensen, Henrik"]
[Black "Ohayv, Nikolaj"]
[Result "1-0"]
[WhiteElo "1899"]
[BlackElo "1783"]
[PlyCount "93"]
[EventDate "2005.??.??"]
[SourceDate "2005.09.07"]

1. e4 c5 2. Ne2 d6 3. d4 cxd4 4. Nxd4 Nc6 5. c4 g6 6. Nc3 Bg7 7. Be3 Nf6 8. Qd2
O-O 9. Be2 Bd7 10. f3 Rc8 11. Rc1 b6 12. Ndb5 Re8 13. O-O a6 14. Na3 Rb8 15.
Nd5 Bc8 16. b4 Nxd5 17. cxd5 Ne5 18. h3 b5 19. f4 Nd7 20. Nc2 Nf6 21. Bf3 e6
22. Nd4 Bb7 23. Nc6 Bxc6 24. dxc6 Qc7 25. Rfd1 Red8 26. Rc2 d5 27. e5 Ne8 28.
Qc3 Bf8 29. Bd4 Ng7 30. g4 Rdc8 31. Rdc1 Be7 32. Kg2 Ra8 33. a3 Kh8 34. Be2
Rab8 35. Qe3 Bf8 36. Ba7 Ra8 37. Bb6 Qe7 38. c7 Qd7 39. Ba5 Be7 40. Qb6 h6 41.
a4 bxa4 42. Bxa6 Rxa6 43. Qxa6 g5 44. Qc6 Qxc6 45. Rxc6 Ne8 46. b5 gxf4 47. b6
1-0

[Event "Rodovremesterskabet Gruppe A 2005"]
[Site "Rodovre"]
[Date "2005.09.20"]
[Round "3"]
[White "Nielsen, Niels Peter Krogh"]
[Black "Johansen, Erik"]
[Result "0-1"]
[WhiteElo "1589"]
[BlackElo "1610"]
[PlyCount "99"]
[EventDate "2005.??.??"]
[SourceDate "2005.09.07"]

1. Nf3 d5 2. g3 c5 3. Bg2 Nc6 4. d3 Nf6 5. O-O e6 6. Bg5 Be7 7. Nbd2 h6 8. Bxf6
Bxf6 9. c3 O-O 10. e4 d4 11. c4 e5 12. a3 Be7 13. h3 f5 14. Nh2 f4 15. g4 Be6
16. Nhf3 Qd7 17. Nh2 a5 18. Rb1 Nd8 19. Ndf3 Nc6 20. Nd2 Rf6 21. Ndf3 Rg6 22.
Kh1 h5 23. Nd2 hxg4 24. hxg4 Bxg4 25. Nxg4 Qxg4 26. Qxg4 Rxg4 27. Bh3 Rh4 28.
Kg2 Kf7 29. Nf3 Rh6 30. Rh1 Rah8 31. Bd7 Rg6+ 32. Ng5+ Rxg5+ 33. Kf3 Rxh1 34.
Rxh1 Nd8 35. a4 Ne6 36. b3 Rg6 37. Bxe6+ Kxe6 38. Ke2 Rh6 39. Rg1 g5 40. Kd2
Rh3 41. Ke2 f3+ 42. Ke1 Kf6 43. Kf1 Kg6 44. Rg3 Rxg3 45. fxg3 g4 46. Kf2 Bg5
47. Kf1 Bf4 48. Kf2 Bxg3+ 49. Kxg3 Kg5 50. Kf2 0-1

[Event "Rodovremesterskabet Gruppe A 2005"]
[Site "Rodovre"]
[Date "2005.09.27"]
[Round "4"]
[White "Nielsen, Niels Peter Krogh"]
[Black "Mortensen, Henrik"]
[Result "0-1"]
[WhiteElo "1589"]
[BlackElo "1899"]
[PlyCount "94"]
[EventDate "2005.??.??"]
[SourceDate "2005.09.07"]

1. Nf3 c5 2. g3 Nc6 3. Bg2 g6 4. O-O Bg7 5. d3 e5 6. e4 Nge7 7. c3 O-O 8. Be3
d6 9. Ng5 h6 10. Nf3 Bg4 11. Nbd2 Qd7 12. Qc2 b6 13. Ne1 Be2 14. f4 Bxf1 15.
Nxf1 Rad8 16. Rd1 d5 17. Rd2 d4 18. Bf2 Qd6 19. cxd4 Nxd4 20. Bxd4 Qxd4+ 21.
Kh1 Nc6 22. Nf3 Qd6 23. fxe5 Nxe5 24. Ne1 h5 25. Rd1 Qd4 26. b3 Ng4 27. Rd2 Bh6
28. Re2 Ne5 29. Nd2 Nxd3 30. Ndf3 Nxe1 31. Rxe1 Qd3 32. Qb2 Rfe8 33. Nh4 Qd2
34. Qb1 Bg7 35. Nf3 Qb2 36. Qxb2 Bxb2 37. h4 Rd3 38. Re2 Bd4 39. Kh2 Re3 40.
Rxe3 Bxe3 41. Ne1 Rd8 42. e5 Rd2 43. a4 Rb2 44. e6 fxe6 45. Kh3 Rxb3 46. Be4
Kf7 47. Nf3 Kf6 0-1

[Event "Rodovremesterskabet Gruppe A 2005"]
[Site "Rodovre"]
[Date "2005.09.27"]
[Round "4"]
[White "Ohayv, Nikolaj"]
[Black "Smidt, Johnny"]
[Result "0-1"]
[WhiteElo "1783"]
[BlackElo "1593"]
[PlyCount "140"]
[EventDate "2005.??.??"]
[SourceDate "2005.09.07"]

1. d4 Nf6 2. c4 c5 3. e3 g6 4. Nf3 Bg7 5. Be2 O-O 6. O-O cxd4 7. exd4 d5 8.
cxd5 Nxd5 9. Nc3 Nc6 10. Qb3 Nxc3 11. bxc3 Qc7 12. Be3 Be6 13. Qa3 Na5 14. Rac1
Bc4 15. Bxc4 Nxc4 16. Qb3 Rfd8 17. Bg5 Rd7 18. Rfe1 e6 19. Bh4 Rc8 20. Bg3 Qc6
21. h3 Rd5 22. Rb1 Na5 23. Qb2 h6 24. Rec1 a6 25. Bf4 b5 26. Qe2 g5 27. Bg3 Qc4
28. Qe3 Qa4 29. Be5 Nc4 30. Qe2 Qa5 31. Bxg7 Kxg7 32. g3 Na3 33. Rb3 Nc4 34.
Rbb1 Qc7 35. Kg2 a5 36. Rb3 a4 37. Rb4 Nd6 38. Qd3 Nf5 39. Rxb5 Rxb5 40. Qxb5
Qc4 41. Qxc4 Rxc4 42. g4 Nd6 43. Ne5 Rc7 44. c4 f6 45. c5 Nb5 46. Nf3 Kf7 47.
Rc4 a3 48. Rb4 Nc3 49. Rb3 Nd5 50. Rxa3 Nf4+ 51. Kh2 Ke7 52. Ra6 Rb7 53. Rb6
Ra7 54. Rb2 Kd7 55. h4 Kc6 56. hxg5 hxg5 57. Kg1 Ra3 58. Nh2 Rd3 59. f3 Rxd4
60. Rc2 Rd1+ 61. Kf2 Rh1 62. Nf1 Rh8 63. Ke3 Nd5+ 64. Ke4 Rb8 65. Ne3 Nf4 66.
Nc4 Rb4 67. Kd4 e5+ 68. Kc3 Nd5+ 69. Kd3 Ra4 70. Nd2 Nb4+ 0-1

[Event "Rodovremesterskabet Gruppe A 2005"]
[Site "Rodovre"]
[Date "2005.09.27"]
[Round "4"]
[White "Rubin, Jacob"]
[Black "Edoo, Niels"]
[Result "1-0"]
[WhiteElo "1731"]
[BlackElo "1962"]
[PlyCount "79"]
[EventDate "2005.??.??"]
[SourceDate "2005.09.07"]

1. Nf3 c5 2. Nc3 Nf6 3. e3 d5 4. Bb5+ Bd7 5. Qe2 a6 6. Bxd7+ Nbxd7 7. d4 e6 8.
O-O Be7 9. Rd1 O-O 10. a3 Qc7 11. Bd2 e5 12. dxe5 Nxe5 13. Be1 Rad8 14. Nxe5
Qxe5 15. Qf3 Bd6 16. g3 Bc7 17. Rab1 Rfe8 18. Bd2 b5 19. b4 Ne4 20. Nxe4 dxe4
21. Qe2 c4 22. Qe1 h5 23. Bc3 Qe7 24. Qe2 h4 25. Qg4 g6 26. Kg2 Rxd1 27. Rxd1
Rd8 28. Bd4 a5 29. c3 axb4 30. axb4 Re8 31. Ra1 hxg3 32. hxg3 Be5 33. Qxe4 Qf6
34. Ra8 Rxa8 35. Qxa8+ Kg7 36. Qf3 Bxd4 37. exd4 Qe6 38. Qe3 Qc6+ 39. f3 Kf6
40. Qe5# 1-0

[Event "Rodovremesterskabet Gruppe A 2005"]
[Site "Rodovre"]
[Date "2005.09.27"]
[Round "4"]
[White "Johansen, Erik"]
[Black "Akdag, Dara Sevkan"]
[Result "0-1"]
[WhiteElo "1610"]
[BlackElo "1589"]
[PlyCount "52"]
[EventDate "2005.??.??"]
[SourceDate "2005.09.07"]

1. e4 c5 2. Nf3 Nc6 3. d4 cxd4 4. Nxd4 a6 5. Nc3 e6 6. a3 Nf6 7. Be2 Bc5 8. Nb3
Ba7 9. Bf4 e5 10. Bg5 d6 11. Bxf6 Qxf6 12. O-O O-O 13. Nd5 Qd8 14. Kh1 f5 15.
exf5 Rxf5 16. f4 exf4 17. Rxf4 Rxf4 18. Nxf4 Ne5 19. Qd5+ Kh8 20. Ne6 Bxe6 21.
Qxe6 Qf8 22. Rf1 Qd8 23. Rd1 Qe8 24. Rxd6 Nf7 25. Rxa6 bxa6 26. Qxa6 Qe3 0-1

[Event "Rodovremesterskabet Gruppe A 2005"]
[Site "Rodovre"]
[Date "2005.10.11"]
[Round "5"]
[White "Mortensen, Henrik"]
[Black "Johansen, Erik"]
[Result "1-0"]
[WhiteElo "1899"]
[BlackElo "1610"]
[PlyCount "39"]
[EventDate "2005.??.??"]
[SourceDate "2005.09.07"]

1. Nf3 d5 2. d4 Nf6 3. e3 c5 4. c3 e6 5. Bd3 Be7 6. Nbd2 O-O 7. O-O Nbd7 8. Qe2
Qc7 9. e4 e5 10. exd5 Nxd5 11. Bxh7+ Kxh7 12. Qe4+ f5 13. Qxd5 e4 14. Nxe4 Nb6
15. Neg5+ Bxg5 16. Nxg5+ Kg6 17. Qxc5 Qd8 18. Re1 Rf6 19. Nf3 Qf8 20. Ne5+ 1-0

[Event "Rodovremesterskabet Gruppe A 2005"]
[Site "Rodovre"]
[Date "2005.10.11"]
[Round "5"]
[White "Smidt, Johnny"]
[Black "Nielsen, Niels Peter Krogh"]
[Result "1-0"]
[WhiteElo "1593"]
[BlackElo "1589"]
[PlyCount "45"]
[EventDate "2005.??.??"]
[SourceDate "2005.09.07"]

1. e4 c5 2. Nc3 d6 3. g3 Nf6 4. Bg2 Nc6 5. h3 g6 6. f4 h5 7. d3 Bg7 8. Nf3 a6
9. Be3 Qa5 10. O-O O-O 11. Rb1 Rb8 12. a3 e6 13. Qe1 Nd7 14. Qf2 Qc7 15. Kh1 b6
16. f5 exf5 17. exf5 Bxc3 18. bxc3 Nde5 19. Nxe5 Nxe5 20. f6 Bf5 21. Bh6 Qd7
22. d4 Nc6 23. Bxf8 1-0

[Event "Rodovremesterskabet Gruppe A 2005"]
[Site "Rodovre"]
[Date "2005.10.11"]
[Round "5"]
[White "Edoo, Niels"]
[Black "Ohayv, Nikolaj"]
[Result "1-0"]
[WhiteElo "1962"]
[BlackElo "1783"]
[PlyCount "131"]
[EventDate "2005.??.??"]
[SourceDate "2005.09.07"]

1. e4 e5 2. Nf3 d6 3. d4 exd4 4. Nxd4 Be7 5. Nc3 Nf6 6. Be2 Bd7 7. O-O O-O 8.
f4 Nc6 9. Be3 Nxd4 10. Bxd4 Bc6 11. Bf3 Nd7 12. Qe1 Bf6 13. Bf2 Re8 14. Qd2
Bxc3 15. Qxc3 Bxe4 16. Bd4 Nf6 17. Rae1 d5 18. Bxf6 Qxf6 19. Qxf6 gxf6 20. Bxe4
dxe4 21. f5 Rad8 22. Rf2 Rd5 23. g4 e3 24. Rfe2 Rd4 25. h3 Rde4 26. Kg2 Rd8 27.
Kf3 Rde8 28. Rxe3 Rxe3+ 29. Rxe3 Rxe3+ 30. Kxe3 Kf8 31. Kd4 Ke7 32. Kc5 Kd7 33.
c4 c6 34. b4 b6+ 35. Kd4 a6 36. a4 h6 37. c5 b5 38. axb5 axb5 39. Ke3 Ke7 40.
Kf4 Kf8 41. Kg3 Kg7 42. Kh4 Kh7 43. Kh5 Kg7 44. h4 Kh7 45. g5 hxg5 46. hxg5
fxg5 47. Kxg5 Kg7 48. f6+ Kf8 49. Kh6 Kg8 50. Kg5 Kf8 51. Kf5 Ke8 52. Kf4 Kd8
53. Kf5 Ke8 54. Kg5 Kf8 55. Kh5 Kg8 56. Kh6 Kh8 57. Kg5 Kh7 58. Kf5 Kh6 59. Ke5
Kg6 60. Kd6 Kxf6 61. Kxc6 Ke7 62. Kb7 f5 63. c6 f4 64. c7 f3 65. c8=Q f2 66.
Qc5+ 1-0

[Event "Rodovremesterskabet Gruppe A 2005"]
[Site "Rodovre"]
[Date "2005.10.11"]
[Round "5"]
[White "Akdag, Dara Sevkan"]
[Black "Rubin, Jacob"]
[Result "1-0"]
[WhiteElo "1589"]
[BlackElo "1731"]
[PlyCount "117"]
[EventDate "2005.??.??"]
[SourceDate "2005.09.07"]

1. d4 d5 2. c4 e6 3. Nc3 c6 4. Nf3 Nf6 5. Bf4 Be7 6. h3 Nbd7 7. e3 Qa5 8. Bd3
dxc4 9. Bxc4 Nb6 10. Bc7 Qb4 11. Bxb6 Qxc4 12. Bc7 Qb4 13. Qc2 Qc4 14. Ne5 Qa6
15. Qd3 b5 16. O-O Qb7 17. Ba5 O-O 18. Rfc1 Nd7 19. Nxd7 Qxd7 20. Ne4 Qd5 21.
Nc5 Qg5 22. Qe4 Qd5 23. Qd3 Bd8 24. Bxd8 Rxd8 25. b3 Qg5 26. Qe4 Rd6 27. Qg4
Qe7 28. Rd1 e5 29. Qf3 f5 30. e4 Rxd4 31. Rxd4 exd4 32. b4 fxe4 33. Qxe4 Qxe4
34. Nxe4 Bf5 35. Nc5 a5 36. bxa5 Rxa5 37. Rd1 d3 38. g4 Bg6 39. Rd2 b4 40. Nb3
Rd5 41. f4 Be4 42. Kf2 Rd8 43. Nc5 Bg6 44. f5 Bf7 45. Rxd3 Ra8 46. Rd2 Rxa2 47.
Rxa2 Bxa2 48. Ke3 b3 49. Na4 c5 50. Kd3 Kf7 51. Kc3 Kf6 52. Nxc5 Kg5 53. Ne6+
Kf6 54. Nf4 h6 55. Nh5+ Kf7 56. h4 g5 57. hxg5 hxg5 58. Kb2 Ke7 59. Ng3 1-0

[Event "Rodovremesterskabet Gruppe A 2005"]
[Site "Rodovre"]
[Date "2005.10.04"]
[Round "6"]
[White "Mortensen, Henrik"]
[Black "Smidt, Johnny"]
[Result "1-0"]
[WhiteElo "1899"]
[BlackElo "1593"]
[PlyCount "39"]
[EventDate "2005.??.??"]
[SourceDate "2005.09.07"]

1. d4 Nf6 2. c4 c5 3. Nf3 g6 4. Nc3 Bg7 5. e4 cxd4 6. Nxd4 O-O 7. Be3 d6 8. Be2
Nc6 9. f3 Bd7 10. Qd2 Rc8 11. O-O Ne5 12. b3 Qa5 13. a4 Rfe8 14. Rab1 Nc6 15.
Rfc1 Qh5 16. Nd5 b6 17. Nb5 Qh4 18. Bg5 Qh5 19. g4 Qh3 20. Nf4 1-0

[Event "Rodovremesterskabet Gruppe A 2005"]
[Site "Rodovre"]
[Date "2005.10.04"]
[Round "6"]
[White "Nielsen, Niels Peter Krogh"]
[Black "Edoo, Niels"]
[Result "0-1"]
[WhiteElo "1589"]
[BlackElo "1962"]
[PlyCount "54"]
[EventDate "2005.??.??"]
[SourceDate "2005.09.07"]

1. Nf3 d5 2. g3 c5 3. Bg2 Nc6 4. d3 e5 5. O-O Be7 6. Nbd2 Nf6 7. c4 d4 8. h3
O-O 9. Nh2 Bf5 10. a3 Qd7 11. g4 Bg6 12. Ndf3 h6 13. Nh4 Bh7 14. N4f3 e4 15.
Ne1 Bd6 16. dxe4 Nxe4 17. Nd3 f5 18. Nf4 fxg4 19. Nd5 gxh3 20. Bf3 Ne5 21. Bxe4
Bxe4 22. f3 Bf5 23. Kh1 Nxc4 24. e4 Be6 25. Rg1 Kh8 26. Qb3 Bxh2 27. Kxh2 Ne5
0-1

[Event "Rodovremesterskabet Gruppe A 2005"]
[Site "Rodovre"]
[Date "2005.10.12"]
[Round "6"]
[White "Ohayv, Nikolaj"]
[Black "Akdag, Dara Sevkan"]
[Result "0-1"]
[WhiteElo "1783"]
[BlackElo "1589"]
[PlyCount "163"]
[EventDate "2005.??.??"]
[SourceDate "2005.09.07"]

1. d4 Nf6 2. c4 c5 3. d5 b5 4. cxb5 a6 5. Nc3 axb5 6. Nxb5 Ba6 7. Nc3 d6 8. Nf3
g6 9. g3 Bg7 10. Bg2 Nbd7 11. O-O O-O 12. Re1 Qa5 13. e4 Ng4 14. Qc2 Nde5 15.
Nxe5 Nxe5 16. Be3 Nd3 17. Reb1 Nxb2 18. Rxb2 Bxc3 19. Bd2 Bxd2 20. Qxd2 Qxd2
21. Rxd2 Rfb8 22. f4 Bc4 23. a4 Ra5 24. Bf1 Rb4 25. Bxc4 Rxc4 26. e5 Raxa4 27.
Rad1 Re4 28. exd6 exd6 29. Kf2 c4 30. Rc1 Ra5 31. Rdc2 Rd4 32. Rxc4 Rxc4 33.
Rxc4 Rxd5 34. Ke3 Ra5 35. Kd4 Ra2 36. h4 Ra3 37. g4 Rh3 38. g5 Rxh4 39. Kd5 Rh2
40. Kxd6 Re2 41. Kd5 Kg7 42. Rc7 Re6 43. Rb7 Kf8 44. Rb3 Re7 45. Rh3 Kg7 46.
Kd6 Re8 47. Kd5 Rh8 48. Ke4 h6 49. gxh6+ Rxh6 50. Rg3 Kf6 51. Kf3 Kf5 52. Rg5+
Kf6 53. Rg3 Rh5 54. Kf2 Rd5 55. Re3 Rc5 56. Kf3 Kf5 57. Kg3 f6 58. Ra3 g5 59.
fxg5 Kxg5 60. Rd3 Rc4 61. Re3 Rc2 62. Rb3 f5 63. Kf3 Rh2 64. Kg3 Rh4 65. Rb5
Rh1 66. Kf3 Rh3+ 67. Kg2 Rc3 68. Kf2 Kg4 69. Rb2 f4 70. Ra2 Rh3 71. Ra4 Rh2+
72. Kf1 Kg3 73. Ra8 Kf3 74. Kg1 Rd2 75. Re8 Rd1+ 76. Kh2 Kf2 77. Re7 f3 78. Re6
Rd2 79. Rg6 Kf1+ 80. Kh1 f2 81. Re6 Re2 82. -- 0-1

[Event "Rodovremesterskabet Gruppe A 2005"]
[Site "Rodovre"]
[Date "2005.10.20"]
[Round "6"]
[White "Johansen, Erik"]
[Black "Rubin, Jacob"]
[Result "0-1"]
[WhiteElo "1610"]
[BlackElo "1731"]
[PlyCount "48"]
[EventDate "2005.??.??"]
[SourceDate "2005.09.07"]

1. e4 c6 2. d4 e6 3. Nf3 Be7 4. Nc3 d6 5. a4 h6 6. Bd3 Nd7 7. O-O e5 8. dxe5
dxe5 9. Bc4 Qc7 10. Ne2 Nb6 11. Bb3 Bg4 12. Nc3 Rd8 13. Qe2 Nf6 14. a5 Nbd7 15.
Be3 Bc5 16. Bxf7+ Kxf7 17. Bxc5 Nxc5 18. Qc4+ Ne6 19. Ne2 Rhe8 20. c3 Kf8 21.
Nh4 Qf7 22. f3 Bh5 23. Ng3 Qe7 24. b4 Bf7 0-1

[Event "Rodovremesterskabet Gruppe A 2005"]
[Site "Rodovre"]
[Date "2005.10.25"]
[Round "7"]
[White "Rubin, Jacob"]
[Black "Ohayv, Nikolaj"]
[Result "0-1"]
[WhiteElo "1731"]
[BlackElo "1783"]
[PlyCount "106"]
[EventDate "2005.??.??"]
[SourceDate "2005.09.07"]

1. Nf3 d5 2. d4 c5 3. e3 Nc6 4. Bb5 Bd7 5. Nc3 e6 6. O-O Nf6 7. Re1 cxd4 8.
exd4 Be7 9. a3 O-O 10. Bd3 a6 11. h3 b5 12. Ne2 b4 13. a4 Ne4 14. Bf4 f5 15.
Ne5 Nxe5 16. Bxe5 Bf6 17. Bh2 Bh4 18. Rf1 Bf6 19. f3 Ng5 20. c3 bxc3 21. bxc3
Qe7 22. Re1 Nf7 23. Nf4 Bh4 24. Re2 Qf6 25. Bc2 Rfc8 26. Qd3 Qh6 27. g3 Bg5 28.
Ng2 Qxh3 29. f4 Bf6 30. Ne3 Nd6 31. Qd2 Ne4 32. Bxe4 dxe4 33. Rg2 Qh5 34. g4
Qe8 35. a5 g6 36. c4 Rab8 37. Rd1 Rb3 38. gxf5 exf5 39. Nd5 Bg7 40. Nb6 Rd3 41.
Qe2 Bxd4+ 42. Kh1 Bxb6 43. axb6 Rxd1+ 44. Qxd1 Bc6 45. Kg1 e3 46. Rb2 Qe4 47.
Kf1 Qh1+ 48. Bg1 Qh3+ 49. Ke1 Qg3+ 50. Kf1 Qxf4+ 51. Ke1 Qh4+ 52. Kf1 Qxc4+ 53.
Qe2 Qc1+ 0-1

[Event "Rodovremesterskabet Gruppe A 2005"]
[Site "Rodovre"]
[Date "2005.10.25"]
[Round "7"]
[White "Edoo, Niels"]
[Black "Mortensen, Henrik"]
[Result "1/2-1/2"]
[WhiteElo "1962"]
[BlackElo "1899"]
[PlyCount "139"]
[EventDate "2005.??.??"]
[SourceDate "2005.09.07"]

1. e4 e5 2. Nf3 Nc6 3. d4 exd4 4. Nxd4 Bc5 5. Nb3 Bb6 6. Be2 Nf6 7. Nc3 d6 8.
Bg5 Be6 9. O-O h6 10. Bxf6 Qxf6 11. Nd5 Bxd5 12. exd5 Ne5 13. a4 a5 14. Bb5+ c6
15. dxc6 bxc6 16. Be2 d5 17. Kh1 O-O 18. c3 Rad8 19. Qc2 Rfe8 20. Nd4 c5 21.
Nb5 d4 22. Rad1 Qg6 23. Qxg6 fxg6 24. cxd4 cxd4 25. Bd3 Nxd3 26. Rxd3 Re2 27.
b3 Rc8 28. g3 Rcc2 29. Nxd4 Bxd4 30. Rxd4 Rc3 31. b4 axb4 32. Rxb4 Ra3 33. Kg2
Rea2 34. Rd1 Rxa4 35. Rxa4 Rxa4 36. h4 Kf7 37. Rd3 h5 38. Rb3 Rc4 39. Rd3 Rb4
40. Ra3 Rc4 41. Kf3 Rb4 42. Re3 Ra4 43. Re4 Ra5 44. Rf4+ Ke7 45. Re4+ Kf7 46.
Kf4 Rf5+ 47. Ke3 Ra5 48. Rf4+ Ke6 49. Rb4 g5 50. hxg5 Rxg5 51. Rf4 Ra5 52. Ke2
g6 53. Kf1 Rb5 54. Kg2 Ra5 55. Kh3 Rb5 56. Rf8 Ke7 57. Rf3 Ke6 58. Kh4 Ra5 59.
Rf8 Ke7 60. Rb8 Kf7 61. Rb7+ Kf6 62. Rb6+ Kf7 63. f4 Rc5 64. Rb3 Kf6 65. Ra3
Rb5 66. Ra6+ Kf5 67. Ra3 Rb1 68. Ra5+ Kf6 69. Ra6+ Kf5 70. Ra5+ 1/2-1/2